Arqueología e independencia en Centro América y El Caribe : 2 de setiembre de 1994 /
Gardado en:
| Autor Principal: | |
|---|---|
| Formato: | Desconocido |
| Idioma: | Spanish |
| Publicado: |
San José, Costa Rica :
Escuela de Filología Lingüística y Literatura, Universidad de Costa Rica,
1994.
|
| Series: | (Serie: Conferencias ;
no. 7) |
| Materias: | |
| Etiquetas: |
Engadir etiqueta
Sen Etiquetas, Sexa o primeiro en etiquetar este rexistro!
|
MARC
| LEADER | 000000000a22000000004500 | ||
|---|---|---|---|
| 001 | 003666 | ||
| 041 | 0 | |a spa | |
| 082 | 0 | 4 | |a 930.1 |b V297a |
| 100 | 1 | |a Vargas Arenas, Iraida | |
| 245 | 1 | 0 | |a Arqueología e independencia en Centro América y El Caribe : |b 2 de setiembre de 1994 / |c Iraida Vargas Arenas. |
| 260 | 1 | |a San José, Costa Rica : |b Escuela de Filología Lingüística y Literatura, Universidad de Costa Rica, |c 1994. | |
| 300 | |a 20 páginas | ||
| 490 | 1 | |a (Serie: Conferencias ; |v no. 7) | |
| 500 | |a Esta biblioteca tiene disponibles dos ejemplares de este libro. | ||
| 650 | 4 | |a ARQUEOLOGIA | |
| 650 | 4 | |a CARIBE CENTROAMERICANO | |
| 999 | |c 10137 |d 10137 | ||
| 942 | |c BK |h 930.1 V297a |2 z | ||
